000 01249cam a22003497a 4500
003 CHAP
005 20220329142440.0
008 010228d2001 mx o r 00110 spa d
010 _a83662
011 _a84634
035 _a95159
040 _cCHAP
090 _aTesis
100 0 0 _aVelázquez Aguilar, Miqueas.
_9118501
245 1 0 _aComposición química y calidad fisiológica de la semilla en seis variedades de soya (Glycine max (L) merrill)
_c/por Miqueas Velázquez Aguilar.
260 _aChapingo, Méx. :
_bEl autor,
_c2001.
300 _a58 h. :
_bfots.; cuads.
502 _aTesis (Ing. Agr. Esp. en Fitotecnia) -- UACH. Departamento de Fitotecnia.
590 _aALEPH
_b10
_c20130110
_lUCH01
_h1441
590 _aBATCH-UPD
_b10
_c20130110
_lUCH01
_h0711
590 _aBATCH-UPD
_b10
_c20130410
_lUCH01
_h0357
590 _aBATCH-UPD
_b10
_c20130914
_lUCH01
_h2018
590 _aCONVERSION
_b10
_c20130109
_lUCH01
_h1346
650 1 4 _aSemillas
_xFisiología y morfología.
_9103902
650 1 4 _aSoya
_xSemilla.
_9109087
650 1 4 _aSoya
_xVariedades.
_9109096
901 _aBK
905 _aEdna Luz
942 _cFOLL
949 _bBC
_cTES
_d33724000818647
_eTS2
_fc.2
_h37932
_i95159
_si
949 _bBC
_cTES
_d951591
_eTS1
_h37931
_i95159
_sb
999 _c83662
_d83662